Teória automatického riadenia

Salvato in:
Dettagli Bibliografici
Autori principali: Mikleš, Ján Edit, Hutla, Vlastimil (Autore)
Natura: Libro
Lingua:slovacco
Pubblicazione: Bratislava Alfa 1986
Accesso online:Visualizza in OPAC
Tags: Aggiungi Tag
Nessun Tag, puoi essere il primo ad aggiungerne!!

MARC

LEADER 00000nam a2200000 a 4500
005 20260127134030.0
008 000507e1986 cs g slo c
035 |a vtls008453496 
035 |a SAVUKc026723 
039 9 |a 200708081025  |b mschk03  |y 200602022340  |z VLOAD 
040 |a SAVUK  |b slo  |c SNK  |d STUSCHK1  |e AACR2 
041 1 |a slo 
044 |a cs  |c CS 
100 1 |a Mikleš, Ján  |q Edit. 
245 1 0 |a Teória automatického riadenia  |c Edit. Ján Mikleš, Vlastimil HUTLA 
260 |a Bratislava  |b Alfa  |c 1986 
300 |a 477 s. 
700 1 |a Hutla, Vlastimil  |4 aut 
910 |a savuk 
910 |a SCHK95 
999 |c 2486  |d 2486